| 000 | 00610nam a2200229Ia 4500 | ||
|---|---|---|---|
| 003 | OSt | ||
| 005 | 20220924121302.0 | ||
| 006 | a|||||r|||| 00| 0 | ||
| 007 | ta | ||
| 008 | 220923b |||||||| |||| 00| 0 urd d | ||
| 024 | _a313748 | ||
| 037 | _cTextual | ||
| 040 |
_aARTS _cARTS _burd |
||
| 041 |
_2urd _aurd |
||
| 082 | _aO168,1MHA2x, L0 | ||
| 100 |
_aHadi Machli Shahri _9185164 |
||
| 245 | 0 | _aNawa-e-dil | |
| 260 |
_aHyderabad _bEducation India _c1970 |
||
| 650 | _aURDU POETRY | ||
| 942 |
_hO168,1MHA2x, L0 _cTEXL _2CC |
||
| 999 |
_c406790 _d406790 |
||